Puentes sobre el Pacífico : (Record no. 21580)

000 -CABECERA
fixed length control field 01386nam a22003017a 4500
003 - IDENTIFICADOR DEL NÚMERO DE CONTROL
control field AR-CdUCM
008 - DATOS DE LONGITUD FIJA--INFORMACIÓN GENERAL
fixed length control field 190312b ||||| |||| 00| 0 spa d
020 ## - NÚMERO INTERNACIONAL ESTÁNDAR DEL LIBRO
ISBN 9789972573354
040 ## - FUENTE DE LA CATALOGACIÓN
Agencia/entidad que catalogó originalmente la obra MUNICIPALIDAD PROVINCIAL DEL CUSCO
Entidad que transcribió la catalogación BIBLIOTECA MUNICIPAL DEL CUSCO
082 ## - NÚMERO DE LA CLASIFICACIÓN DECIMAL DEWEY
No. de Clasificación 337.805/A75
Notacion interna A75
245 ## - MENCIÓN DE TÍTULO
Título Puentes sobre el Pacífico :
Resto del título Latinoamérica y Asia en el nuevo siglo /
Mención de responsabilidad editores, Cynthia J. Arnson y Jorge Heine, con Christine Zaino ; [tr., Aroma de la Cadena y Eloy Neira]
260 ## - PUBLICACIÓN, DISTRIBUCIÓN, ETC.
Lugar de publicación, distribución, etc. Lima :
-- Washington :
Nombre de la editorial, distribuidor, etc. Universidad del Pacífico,
-- Woodrow Wilson International Center for Scholars,
Fecha de publicación, distribución, etc. 2015.
300 ## - DESCRIPCIÓN FÍSICA
Nº de Páginas Extensión 332 páginas. :
Otros detalles físicos diagramas ;
Dimensiones 23 cm.
500 ## - NOTA GENERAL
Bibliografía Incluye referencias bibliográficas
650 ## - PUNTO DE ACCESO ADICIONAL DE MATERIA--TÉRMINO DE MATERIA
Descriptor Relaciones económicas
9 (RLIN) 45420
650 ## - PUNTO DE ACCESO ADICIONAL DE MATERIA--TÉRMINO DE MATERIA
Descriptor Ensayos
9 (RLIN) 45421
650 ## - PUNTO DE ACCESO ADICIONAL DE MATERIA--TÉRMINO DE MATERIA
Descriptor Conferencias
9 (RLIN) 376
650 ## - PUNTO DE ACCESO ADICIONAL DE MATERIA--TÉRMINO DE MATERIA
Descriptor América Latina
9 (RLIN) 45422
650 ## - PUNTO DE ACCESO ADICIONAL DE MATERIA--TÉRMINO DE MATERIA
Descriptor Asia
9 (RLIN) 3888
700 ## - PUNTO DE ACCESO ADICIONAL--NOMBRE DE PERSONA
Nombre Personal Arnson, Cynthia (editora)
9 (RLIN) 45423
700 ## - PUNTO DE ACCESO ADICIONAL--NOMBRE DE PERSONA
Nombre Personal Heine, Jorge (editor)
9 (RLIN) 45424
700 ## - PUNTO DE ACCESO ADICIONAL--NOMBRE DE PERSONA
Nombre Personal Zaino, Christine.Cadena, Aroma de la (traductora)
9 (RLIN) 45425
700 ## - PUNTO DE ACCESO ADICIONAL--NOMBRE DE PERSONA
Nombre Personal Neira Riquelme, Eloy (traductor)
9 (RLIN) 45112
710 ## - PUNTO DE ACCESO ADICIONAL--NOMBRE DE ENTIDAD CORPORATIVA
Nombre corporativo (En letras Mayúsculas) Universidad del Pacífico (Lima)
9 (RLIN) 10408
710 ## - PUNTO DE ACCESO ADICIONAL--NOMBRE DE ENTIDAD CORPORATIVA
Nombre corporativo (En letras Mayúsculas) Woodrow Wilson International Center for Scholars. Latin American Program
9 (RLIN) 45426
942 ## - ELEMENTOS DE PUNTO DE ACCESO ADICIONAL (KOHA)
Fuente de clasificación
Tipo de item Libros-BMC
945 ## - PROCESAMIENTO DE INFORMACIÓN LOCAL (OCLC)
Catalogador Roel
Holdings
Estado de retiro (separado) Fuente de clasificación o esquema de estanterías Estado dañado Ubicación Sala donde se ubica Nombre de la colección Fecha de adquisición o compra Fuente de adquisición Costo, precio normal en soles Signatura topográfica Código de Barras Última vez visto (Koha) Tipo de ítem (Koha)
No     Sala Humanidades Sala Humanidades Book Cart 2020-10-12 Compra 50.00 337.805/A75 SH0000016043 2020-10-12 Libros-BMC
No     Sala Humanidades Sala Humanidades Book Cart 2020-10-12 Compra 50.00 337.805/A75/e.2 SH0000016044 2020-10-12 Libros-BMC

Powered by Koha